<?xml version="1.0" encoding="UTF-8"?>
<marc:record xmlns:marc="http://www.loc.gov/MARC21/slim">
   <marc:leader>00000nam a2200000 a 4500</marc:leader>
   <marc:datafield ind1="1" ind2=" " tag="100">
      <marc:subfield code="a">Granerud, Asger Harding</marc:subfield>
      <marc:subfield code="4">aut</marc:subfield>
      <marc:subfield code="e">Verfasser/-in</marc:subfield>
   </marc:datafield>
   <marc:datafield ind1="1" ind2=" " tag="100">
      <marc:subfield code="a">Pedersen, Daniel Skjold</marc:subfield>
      <marc:subfield code="4">aut</marc:subfield>
      <marc:subfield code="e">Verfasser/-in</marc:subfield>
   </marc:datafield>
   <marc:datafield ind1="1" ind2=" " tag="100">
      <marc:subfield code="a">Djib</marc:subfield>
   </marc:datafield>
   <marc:datafield ind1=" " ind2=" " tag="653">
      <marc:subfield code="a">Tasten</marc:subfield>
   </marc:datafield>
   <marc:datafield ind1=" " ind2=" " tag="653">
      <marc:subfield code="a">Fühlen</marc:subfield>
   </marc:datafield>
   <marc:datafield ind1=" " ind2=" " tag="653">
      <marc:subfield code="a">Reaktion</marc:subfield>
   </marc:datafield>
   <marc:datafield ind1=" " ind2=" " tag="653">
      <marc:subfield code="a">verschiedene Varianten</marc:subfield>
   </marc:datafield>
   <marc:datafield ind1=" " ind2=" " tag="653">
      <marc:subfield code="a">2+ mehr Spieler</marc:subfield>
   </marc:datafield>
   <marc:datafield ind1=" " ind2=" " tag="653">
      <marc:subfield code="a">bis 4 Spieler</marc:subfield>
   </marc:datafield>
   <marc:datafield ind1="0" ind2="0" tag="245">
      <marc:subfield code="a">Monstersuppe</marc:subfield>
   </marc:datafield>
   <marc:datafield ind1="0" ind2="0" tag="245">
      <marc:subfield code="b">Auf die Monster, fertig, los!</marc:subfield>
   </marc:datafield>
   <marc:datafield ind1="0" ind2="0" tag="245">
      <marc:subfield code="c">Granerud, Asger Harding</marc:subfield>
   </marc:datafield>
   <marc:datafield ind1=" " ind2="1" tag="264">
      <marc:subfield code="a">Berlin</marc:subfield>
      <marc:subfield code="b">Schmidt Spiele GmbH</marc:subfield>
      <marc:subfield code="c">2020</marc:subfield>
   </marc:datafield>
   <marc:datafield ind1="1" ind2=" " tag="520">
      <marc:subfield code="a">Richtige Monster sind immer hungrig! Am allerliebsten verspeisen sie eine selbstgemachte und frisch zubereitete Monstersuppe. ln ihre leckere Bouillon werfen sie dabei einige ganz besondere Zutaten: zum Beispiel eine saubere Stinkesocke oder eine fangfrische Fischgräte, am Ende abgeschmeckt mit einer zarten Zuckerstange. Da kann man wirklich nur sagen: guten Appetit!&#xD;
&#xD;
Spielziel:&#xD;
&#xD;
Wer von euch findet zuerst alle gesuchten Zutaten für eine köstliche Monstersuppe? Die unterschiedlichen Zutaten&#xD;
befinden sich in euren Fühlbeuteln, in denen ihr sie möglichst schnell erfühlen sollt. Für jede richtig ertastete Zutat gibt&#xD;
es am Ende einer Runde einen zusätzlichen Schleimwürfel in eure Monstersuppe – mmmh, da wird die Suppe ja noch&#xD;
leckerer! Wer nach vier Runden die meisten Schleimwürfel in seiner Suppe hat, gewinnt das Spiel.</marc:subfield>
   </marc:datafield>
   <marc:datafield ind1="3" ind2=" " tag="024">
      <marc:subfield code="a">4001504406271</marc:subfield>
   </marc:datafield>
   <marc:datafield ind1="1" ind2=" " tag="521">
      <marc:subfield code="a">ab 5 Jahren</marc:subfield>
   </marc:datafield>
</marc:record>
